[Event "NOR-chT 2018"]
[Site "Bergen"]
[Date "2018.05.10"]
[Round "1"]
[White "Cithu, Arun Vijay"]
[Black "Risting, Eivind Olav"]
[Result "0-1"]
[WhiteElo "1430"]
[BlackElo "2297"]
[Annotator "NA"]
[PlyCount "74"]
[EventDate "2018.??.??"]
[EventCountry "NOR"]
[SourceTitle "playchess.com"]
[Source "ChessBase"]
[SourceQuality "1"]
[TimeControl "40/5400:1800"]

1. e4 {[%emt 0:00:07]} c6 {[%emt 0:00:05]} 2. Nf3 {[%emt 0:00:27]} d5 {[%emt 0:00:14]} 3. exd5 {[%emt 0:00:30]} cxd5 {[%emt 0:00:08]} 4. d4 {[%emt 0:00:08]} Nc6 {[%emt 0:00:03]} 5. Bd3 {[%emt 0:02:39]} Bg4 {[%emt 0:01:07]} 6. c3 {[%emt 0:00:46]} e6 {[%emt 0:00:23]} 7. O-O {[%emt 0:03:24]} Nf6 {[%emt 0:00:47]} 8. Bg5 {[%emt 0:00:48]} Be7 {[%emt 0:00:51]} 9. Nbd2 {[%emt 0:00:43]} O-O {[%emt 0:00:13]} 10. Qc2 {[%emt 0:03:56] B13: Caro-Kann: Exchange Variation and Panov-Botvinnik Attack} (10. Re1 Bh5 11. Qe2 Qc7 12. Bh4 a6 13. a4 Rab8 14. h3 Rfe8 15. Qe3 Bg6 16. Bxg6 hxg6 17. Bg3 Bd6 {1-0 (72) Radjabov,T (2724)-Matlakov,M (2689) Dubai 2014}) 10... h6 {[%emt 0:00:10]} 11. Bxf6 {[%emt 0:06:17]} Bxf6 {[%emt 0:00:23]} 12. Rfe1 $146 {[%emt 0:02:57]} ({Predecessor:} 12. h3 Bxf3 13. Nxf3 Rc8 14. Qe2 Re8 15. Bc2 a6 16. Qd3 g6 {½-½ (16) Violla Cunha,M (2322)-Cunha,E (2406) Rio de Janeiro 2015}) 12... Rc8 {[%emt 0:00:22]} 13. h3 {[%emt 0:00:43]} Bxf3 {[%emt 0:00:11]} 14. Nxf3 {[%emt 0:00:10]} Nxd4 {[%emt 0:00:23]} 15. Nxd4 {[%emt 0:02:42]} Bxd4 {[%emt 0:00:06]} 16. Qe2 {[%emt 0:01:14]} Bb6 {[%emt 0:00:29]} 17. Rad1 {[%emt 0:00:44]} Qf6 {[%emt 0:00:46]} 18. Bc2 {[%emt 0:04:46]} Rc4 {[%emt 0:00:57]} 19. Qf1 {[%emt 0:07:14]} h5 {[%emt 0:03:14]} 20. Rd3 {[%emt 0:06:25]} Rf4 {[%emt 0:00:33]} 21. Re2 {[%emt 0:02:11]} h4 {[%emt 0:00:14]} 22. g3 {[%emt 0:04:14]} (22. Rd1 $17) 22... hxg3 {[%emt 0:01:13]} 23. Rxg3 {[%emt 0:00:25]} g6 {[%emt 0:01:21]} 24. Qg2 {[%emt 0:01:13]} Kg7 {[%emt 0:00:14]} 25. Rg4 {[%emt 0:02:22]} Rh8 {[%emt 0:01:06]} 26. Qg3 {[%emt 0:05:33]} (26. Bd1 $142 Rxg4 27. hxg4) 26... Rf3 {[%emt 0:01:05]} 27. Qe5 {[%emt 0:08:59]} Qxe5 {[%emt 0:00:27]} 28. Rxe5 {[%emt 0:00:26]} Rxf2 {[%emt 0:00:13]} 29. Bd1 {[%emt 0:02:45]} Re2+ {[%emt 0:01:14]} 30. Kf1 {[%emt 0:00:22]} Rxe5 {[%emt 0:00:06]} 31. Rg3 {[%emt 0:01:48]} Rh4 {[%emt 0:00:27]} 32. Kg2 $19 {[%emt 0:00:51]} Re1 {[%emt 0:00:40]} 33. Bf3 {[%emt 0:00:21]} Rf4 {[%emt 0:00:46]} 34. Kh2 {[%emt 0:00:36]} e5 {[%emt 0:00:33]} 35. Bxd5 {[%emt 0:02:10]} e4 {[%emt 0:00:06]} 36. Rg2 {[%emt 0:00:45]} Rff1 {[%emt 0:00:22]} 37. Bxb7 {[%emt 0:00:56]} Bc7+ {[%emt 0:00:15]} 0-1

[Event "NOR-chT 2018"]
[Site "Bergen"]
[Date "2018.05.10"]
[Round "1"]
[White "Mongstad, Dag"]
[Black "Gundersen, Helge"]
[Result "0-1"]
[WhiteElo "1384"]
[BlackElo "2087"]
[Annotator "NA"]
[PlyCount "42"]
[EventDate "2018.??.??"]
[EventCountry "NOR"]
[SourceTitle "playchess.com"]
[Source "ChessBase"]
[SourceQuality "1"]
[TimeControl "40/5400:1800"]

1. e4 {[%emt 0:00:04]} e6 {[%emt 0:00:06]} 2. d4 {[%emt 0:00:06]} d5 {[%emt 0:00:04]} 3. Nd2 {[%emt 0:00:06]} dxe4 {[%emt 0:00:04]} 4. Nxe4 {[%emt 0:00:17]} Qd5 {[%emt 0:00:06] LiveBook: 106 Games} ({Better is} 4... Nd7 $14) 5. Nf3 {[%emt 0:01:30]} Qxe4+ {[%emt 0:00:08]} 6. Be2 {[%emt 0:00:20]} Nf6 {[%emt 0:02:07]} 7. O-O {[%emt 0:01:30]} Be7 {[%emt 0:01:53]} 8. Re1 {[%emt 0:03:10]} O-O {[%emt 0:01:24]} 9. Ne5 {[%emt 0:04:45]} c5 {[%emt 0:05:33]} 10. c3 {[%emt 0:03:07]} cxd4 {[%emt 0:01:36]} 11. Bf3 {[%emt 0:02:33]} Qf5 {[%emt 0:00:38]} 12. g4 {[%emt 0:00:29]} Nxg4 {[%emt 0:00:06]} 13. Bxg4 {[%emt 0:00:45]} Qf6 {[%emt 0:00:06]} 14. Bh5 {[%emt 0:04:09]} dxc3 {[%emt 0:01:32]} 15. Ng4 {[%emt 0:01:00]} Qh4 {[%emt 0:05:15]} 16. Re4 $19 {[%emt 0:01:05]} (16. bxc3 Nc6 17. Ne3) 16... Kh8 {[%emt 0:04:50]} 17. Bh6 {[%emt 0:08:25]} Qxh5 {[%emt 0:04:24]} 18. Bxg7+ {[%emt 0:05:42]} Kxg7 {[%emt 0:00:26]} 19. Qd4+ {[%emt 0:01:23]} f6 {[%emt 0:00:46]} 20. Nh6 {[%emt 0:09:27]} e5 {[%emt 0:02:55]} 21. Rg4+ {[%emt 0:03:16]} Bxg4 {[%emt 0:00:21]} 0-1